QUEST Central Library Banner

Basic Programming Lab Work Manual (Record no. 8718)

MARC details
000 -LEADER
fixed length control field 00251nam a2200109 4500
082 ## - DEWEY DECIMAL CLASSIFICATION NUMBER
Classification number 001.6424SHU
100 ## - MAIN ENTRY--AUTHOR NAME
Personal name Shukla, R.Y
245 ## - TITLE STATEMENT
Title Basic Programming Lab Work Manual
260 ## - PUBLICATION, DISTRIBUTION, ETC. (IMPRINT)
Place of publication India:
Name of publisher BPB Publications,
Year of publication 1995.
300 ## - PHYSICAL DESCRIPTION
Number of Pages 181p. ;
942 ## - ADDED ENTRY ELEMENTS (KOHA)
Koha item type Books
Holdings
Withdrawn status Lost status Home library Current library Date acquired Full call number Accession Number Koha item type
    Central Library, QUEST, Nawabshah Central Library, QUEST, Nawabshah 12/08/2014 001.6424SHU 22226 Books
  Lost and Paid For Central Library, QUEST, Nawabshah Central Library, QUEST, Nawabshah 12/08/2014 001.6424SHU 22228 Books
    Central Library, QUEST, Nawabshah Central Library, QUEST, Nawabshah 12/08/2014 001.6424SHU 22229 Books
  Lost and Paid For Central Library, QUEST, Nawabshah Central Library, QUEST, Nawabshah 12/08/2014 001.6424SHU 22230 Books
    Central Library, QUEST, Nawabshah Stacks area 12/08/2014 001.6424SHU 22227 Books

Copyright © 2018,The QUEST, Nawabshah, Shaheed Benazirabad. All rights reserved
Mr. G. Farooq Channar (Librarian) QUEST, Nawabshah, Sindh, Pakistan 67480.
 Ph#: |   0244-9370381-4 Ext. 2308   Email| lib@quest.edu.pk   Web|  http://www.quest.edu.pk